Fictional Characters by Color - Orange - Statistics

General Stats
  • This quiz has been taken 303 times
  • The average score is 14 of 20
Answer Stats
Picture Answer % Correct
Nemo
97%
Garfield
96%
Tigger
92%
Hercules
91%
Velma Dinkley
90%
Fred Flintstone
89%
Puss in Boots
88%
The Lorax
78%
Ernie
73%
Charizard
68%
Kenny McCormick
68%
The Thing
64%
Crash Bandicoot
63%
Son Goku
63%
Princess Daisy
61%
Tails
60%
Aang
56%
Ahsoka Tano
47%
King Louie
35%
Q*bert
32%
No matching quizzes found
Score Distribution
Percent of People with Each Score
Percentile by Number Answered
Your Score History
You have not taken this quiz